Aj z negatívneho vyťažiť najmä pozitívne kanoista Alexander Slafkovský po ťažkom páde robí na ME iba predjazcu a bude spolukomentovať televízny proces

Bibliographic Details
Other Authors: Ježík, Ján (Interviewer)
Format: Article
Language:Slovak
PhysicalDescription:Fotogr.
ISSN:0139-7001
Subjects:

MARC

LEADER 00000nab a2200000 ar4500
001 vtls009000230
003 SK-MaSNL
005 20260303064847.0
008 070621c20070614xo mr|p|||||||000 b|slo
015 |a SNKBUCL2007/06  |2 snkbucl 
038 |a SNKBUCL 
040 |a SNKBUCL  |b slo  |c SNKBUCL  |e AACR2 
041 0 |a slo 
044 |a xo  |c SK 
080 |a 797.122.2.071  |2 2001 
080 |a 929 Slafkovský, Alexander  |2 2001 
100 1 |a Ježík, Ján  |4 ivr  |9 329107 
245 1 0 |a Aj z negatívneho vyťažiť najmä pozitívne  |b kanoista Alexander Slafkovský po ťažkom páde robí na ME iba predjazcu a bude spolukomentovať televízny proces  |c Ján Ježík 
300 |b Fotogr. 
600 1 7 |a Slafkovský, Alexander,  |d 1983-  |2 snkbucl  |9 1064124 
650 0 7 |a kanoistika  |2 snkbucl  |9 3240 
700 1 |a Slafkovský, Alexander,  |d 1983-  |4 ive  |9 1064124 
773 0 |t Šport  |g Roč. 61, č. 136 (14.6.2007), s. 28  |x 0139-7001 
852 |a SNK  |b KIS3GCP 
958 |a BX 
999 |c 1748849  |d 1750779